| 000 | 00414nam a2200205Ia 4500 | ||
|---|---|---|---|
| 001 | 17547 | ||
| 003 | GE_BSU | ||
| 008 | 181216s||||||||xx |||||||||||||| ||und|| | ||
| 020 | _a0194372073 | ||
| 040 | _cGE_BSU | ||
| 080 | _a81(410.1) | ||
| 100 | _aYule,George. | ||
| 245 | _aPragmatics. | ||
| 260 | _aOxford | ||
| 260 | _c1996 | ||
| 300 | _a138p. | ||
| 541 | _h7 Gel. | ||
| 653 | _aPragmatics. | ||
| 942 | _cBK | ||
| 999 |
_c50597 _d50597 |
||